00917cam a22002415a 45000010009000000050017000090080041000260200018000670400033000850820019001182450076001372500012002132600058002253000035002835040051003186500066003696510010004356530029004457000029004749420008005039990017005119520147005281621305720180227153131.0100501s2009 enka frbf 001 0 eng d a9780199545162 aDLCcDLCdDLCdEG-ScBUEbeng04222a616.2bOXF00aOxford handbook of respiratory medicine /cStephen Chapman ... [et al.] a2nd ed. aOxford ;aNew York :bOxford University Press,c2009. axvii, 856 p. :bill. ;c19 cm. aIncludes bibliographical references and index. 7aRespiratory organsxDiseasesvHandbooks, manuals, etc.2BUEsh 2BUEsh bGGENbNNURcFebruary20181 aChapman, Stephen.938500 2ddc c26195d26167 00102ddc40708BaccahaMAINbMAINc1STd2018-02-27ePurchaseg127.00h20677l0o616.2 OXFp000047302r2025-07-15 00:00:00v158.75yREFERENCE